| 000 | 00352nam a2200145Ia 4500 | ||
|---|---|---|---|
| 005 | 20251222144804.0 | ||
| 008 | 251222s9999||||xx |||||||||||||| ||spa|| | ||
| 020 | _a9972-847-55-1 | ||
| 082 | _a869.501/G72J | ||
| 100 | _aGonzález Vigil, Ricardo | ||
| 245 | 0 | _aPoesía Peruana para Jóvenes | |
| 250 | _a2a.ed. | ||
| 264 | _bAlfaguara | ||
| 942 | _cLIB | ||
| 999 |
_c19851 _d19851 |
||